| 000 | 00756nam a2200253 a 4500 | ||
|---|---|---|---|
| 001 | BRCA_7548 | ||
| 005 | 20190320205901.0 | ||
| 008 | 010613s1959----sp-a######---#000-0#spa-# | ||
| 041 | _aspa | ||
| 044 | _asp | ||
| 050 | 4 |
_aNK7362 _b.V44 1 1959 |
|
| 100 | 1 |
_aVega, Pilar F. Vda. de Ferrandis _918616 |
|
| 245 | 1 | 0 |
_aJoyas virreinales _cPilar F. Vega Vda. de Ferrandis. |
| 260 |
_aMadrid _bEstades _c1959 |
||
| 300 |
_a124 p. _bil., 37 láminas _c21 cm. |
||
| 500 | _aDedicatoria de la autora al señor Franz Mayer | ||
| 500 | _aEjemplar igual S89 | ||
| 500 | _aS24 | ||
| 650 | 1 | 4 |
_aJoyerìa _zNueva España _918617 |
| 650 | 1 | 4 |
_aMetales preciosos _zNueva España _918618 |
| 650 | 1 | 4 |
_aArte hispánico _zAmérica _918619 |
| 902 | _aGFM | ||
| 942 |
_2lcc _cB |
||
| 999 |
_c7222 _d7222 |
||